000
00226 a2200097 4500
001
54147
100
_a
Hashmi Shaukat
245
_a
Sundarbun Ki Holnak Ratain
260
_a
Lahore
_b
Ferozsons Ltd
_c
1991
090
_c
33758
_d
33758
942
_a
NUST-CAE
_c
M
_c
26400
999
_c
289220
_d
289220